000 00219nam a22000857a 4500
008 170119b xxu||||| |||| 00| 0 eng d
100 _92490
_aSeely.J.
245 _aOxford A-Z of Grammer Fun
260 _aNew Delhi
_bOxford
_c2011
999 _c5556
_d5556